000 00472nam a2200157 a 4500
005 20140412111330.0
008 030317s19uu xx 00 eng d
020 _a0-02-179040-X
050 _aTR(PS E
_bRa13 1990
100 _aSerfozo, Mary
245 _aRain talk /
_cby Mary Serfozo ; illustrated by Keiko Narahashi.
260 _aNew York :
_bMacmillan/McGraw-Hill School Pub. Comp,
_c1990.
300 _a29 p. ; ill.
650 _aChildren stories
999 _c104862
_d104862